00590nam a2200157 4500001000700000003000900007007000300016008004100019100002700060245011700087260003400204300003500238852002100273999001900294952011900313112712ES-MaACLt|061121s1930 cu r ||||1| spa d1 aNovo, Adelardo.98608110aDe la Habana a Sevilla por los aires b: (impresiones de un periodista español pasajero de Zeppelin) / c1930. aLa Habana : bHermes, c1930. a260 p. : bil. ; c21 x 14 cm. aES-MaACLjB-9042 c112712d112712 00104070aATENEOMbATENEOMcSPBd2008-01-17eSCl0oB-9042p1117570r2023-02-23 00:00:00w2023-02-23yMONOGRAFIA